000 00251nam a22001097a 4500
082 _a621.381528 AVR'S
100 _aAIRA, LESNARD D
_956536
245 _aSERVICING TRANSISTORS RADIOS
260 _aUSA
_bGERNSBACK
_c1958
300 _a224P
942 _cBK
999 _c566927
_d566927